000 00955cam a2200253 4500
008 090401t1993 xxu||||| |||| 00| 0 eng d
020 _a0117528455
035 _a(Sirsi) u69230
041 _aeng
050 _a715.2
110 _aUnited Kingdom
_bDepartment of the Environment
_9982
245 _aTrees in towns: a survey of trees in 66 towns and villages in England; prepared by Land Use Consultants.
260 _aLondon
_bHMSO
_c1993
300 _a51p. : ill. ; 30cm.
350 _a12
490 _aResearch for Amenity Trees
_v1
520 _aFirst of a new series of reports on amenity trees commissioned by the DoE, which investigates the character and distribution of trees in English towns and the role of local authorities and voluntary groups.
650 _aAMENITY TREES
650 _aTREES IN TOWNS
690 _aENVIRONMENTAL AND LAND CONSULTANCY
710 _aLand Use Consultants
_93228
942 _n0
948 _c04/03/1997
999 _c95168
_d95168